[Event "SRI-ch Dini"]
[Site "Colombo"]
[Date "2024.08.02"]
[Round "7"]
[White "Nikhil, TL."]
[Black "Liyanage, Pesandu Rashmitha"]
[Result "0-1"]
[WhiteElo "1793"]
[BlackElo "2012"]
[PlyCount "212"]
[EventDate "2024.07.29"]
[EventType "swiss"]
[EventRounds "10"]
[EventCountry "SRI"]
[SourceTitle "CBM 221 Extra"]
[Source "ChessBase"]
[SourceDate "2024.09.30"]
[SourceVersion "1"]
[SourceVersionDate "2024.09.30"]
[SourceQuality "1"]

1. e4 c5 2. Nc3 Nc6 3. f4 g6 4. Nf3 Bg7 5. Bc4 e6 6. 0-0 Nge7 7. d3 d5 8. Bb3 0-0 9. Qe1 a6 10. a3 b5 11. Qh4 c4 12. Ba2 dxe4 13. dxe4 Nd4 14. Be3 Nec6 15. Qf2 Nxf3+ 16. Qxf3 Bd4 17. Rad1 Bxe3+ 18. Qxe3 Qc7 19. Qh3 Rd8 20. e5 Rxd1 21. Rxd1 Bb7 22. Ne4 h5 23. Nf6+ Kg7 24. Rd7 Qb6+ 25. Kf1 Nd4 26. Qe3 Rd8 27. c3 Rxd7 28. Nxd7 Qc6 29. Qxd4 Qxg2+ 30. Ke1 Qxb2 31. Qd2 Qa1+ 32. Ke2 Qh1 33. Nf6 Qxh2+ 34. Ke3 Qg3+ 35. Kd4 h4 36. Kc5 h3 37. Qd8 Qxf4 38. Qg8+ Kh6 39. Qxf7 h2 40. Ng8+ Kg5 41. Qxb7 Qxe5+ 42. Kb6 Qd6+ 43. Ka7 Qc5+ 44. Kxa6 Qxa3+ 45. Kb6 Qxa2 46. Qf3 Qd2 47. Qg3+ Kf5 48. Qf3+ Qf4 49. Nh6+ Kg5 50. Nf7+ Qxf7 51. Qxf7 h1Q 52. Qxe6 Qf3 53. Qe5+ Qf5 54. Qg3+ Kf6 55. Qh4+ Ke6 56. Qd8 Qe5 57. Qc8+ Kf6 58. Qh8+ Kf5 59. Qh3+ Ke4 60. Qg4+ Kd5 61. Qh3 Ke4 62. Qg4+ Kd5 63. Qxg6 Qxc3 64. Qc6+ Kd4 65. Qc5+ Kd3 66. Kxb5 Qb3+ 67. Kc6 c3 68. Qf5+ Kd2 69. Qf2+ Kc1 70. Qe3+ Kb1 71. Qd3+ Ka2 72. Qe2+ c2 73. Kc5 Kb1 74. Qe4 Qc3+ 75. Kd6 Kb2 76. Qb7+ Ka2 77. Qg2 Qb4+ 78. Kd7 Kb1 79. Qg6 Qd4+ 80. Kc7 Kb2 81. Qg2 Qa7+ 82. Kd8 Qb6+ 83. Kd7 Kb1 84. Qe4 Qb3 85. Qf5 Qb7+ 86. Kd8 Qc6 87. Qd3 Ka2 88. Qd2 Qc4 89. Qf2 Qd3+ 90. Ke8 Kb1 91. Qb6+ Kc1 92. Qa5 Kd1 93. Qa4 Ke2 94. Qg4+ Kd2 95. Qb4+ Kd1 96. Qa4 Qe3+ 97. Kf8 Kd2 98. Qb4+ Ke2 99. Qc4+ Qd3 100. Qa2 Kf1 101. Qa1+ Kg2 102. Qg7+ Qg3 103. Qb2 Qf2+ 104. Kg8 Kh1 105. Qh8+ Qh2 106. Qc3 Qg1+ 0-1